000 00320nam a22001217a 4500
040 _cSK
082 _a333
100 _aKHOV KOUNG; ខូវ គូង
245 _aCoastal zone management; ការគ្រប់គ្រងតំបន់ឆ្នេរ
260 _aRUA
_bKHO
_c2010
300 _aNA
942 _cAEDBB
999 _c8876
_d8876